| 000 | 00366nam a2200109Ia 4500 | ||
|---|---|---|---|
| 008 | 160909s9999 xx 000 0 und d | ||
| 100 | _aMacArthur, Michael Robert, | ||
| 245 | _aAlkylresorcinols as biomarkers of whole-grain intake | ||
| 260 |
_bUniversity of Rhode Island. _c2016 |
||
| 650 | _aFOOD | ||
| 856 | _uhttp://pqdtopen.proquest.com/doc/1786976400.html?FMT=ABS | ||
| 999 |
_c304009 _d304009 |
||